A buen fin no hay mal principio
Saved in:
| Hovedforfatter: | |
|---|---|
| Format: | Bog |
| Sprog: | spansk |
| Udgivet: |
Buenos Aires
Espasa-Calpe
1946
|
| Serier: | Colección Austral
|
| Fag: | |
| Tags: |
Tilføj Tag
Ingen Tags, Vær først til at tagge denne postø!
|
MARC
| LEADER | 00000nam a2200000 a 4500 | ||
|---|---|---|---|
| 001 | UCY7124 | ||
| 003 | CL-VaPUC | ||
| 008 | 950609e19460000AG |||||||||||||||||spa|d | ||
| 082 | 0 | 4 | |a 822 |b SHA |2 21 |
| 100 | |a Shakespeare, William |e author |9 265757 | ||
| 245 | 1 | 0 | |a A buen fin no hay mal principio |
| 246 | 1 | 0 | |a Trabajos de amor perdidos |
| 300 | |a 224 p | ||
| 942 | |c BK | ||
| 945 | |d 19950609 00:00:00 |a rbrito | ||
| 260 | |a Buenos Aires |b Espasa-Calpe |c 1946 | ||
| 650 | 0 | |a Dramas ingleses |9 269396 | |
| 583 | |a last modification |c 19950609 00:00:00 |k Rodrigo Vera | ||
| 490 | 0 | |a Colección Austral | |
| 999 | |c 234570 |d 234568 | ||
| 952 | |0 0 |1 0 |4 0 |6 822_000000000000000_SHA_1946 |7 0 |8 A |9 241109 |a BIBART |b BIBART |d 2019-11-18 |i 2006715 |o 822 SHA 1946 |p 2006715 |r 2025-03-13 |w 2019-11-18 |y BK |k ART | ||